Hlinka a Rázus sa stretnú v Nitre rozhovor so sochárom Jánom Kulichom

Bibliographic Details
Main Authors: Križka, Teodor, 1956- (ain), Binder, Július, 1931-2021 (Author), Kulich, Ján, 1930-2015 (Author)
Format: Article
Language:Slovak
PhysicalDescription:Fotogr.
ISSN:1335-3470
Subjects:

MARC

LEADER 00000nab a2200000 a 4500
001 vtls000738692
003 SK-MaSNL
005 20260304112706.0
008 250429c2000 xo 0 slo
015 |a SNBRB2000/11-28011 
035 |a CLN000090556 
035 |a urn:nbn:sk:snk-ab95m9 
035 |a (urnnbn)urn:nbn:sk:snk:ar-006x0h 
035 |a (uuid)f71a97f2-0c13-46b2-b42d-3f1a8461eb5c 
040 |a SNKBUCL  |b slo  |c SNKBUCL  |e AACR2 
041 0 |a slo 
044 |a xo  |c SK 
080 |a 730.071.1  |2 1997 
080 |a 929 Kulich, Ján  |2 1997 
100 1 |a Križka, Teodor,  |d 1956-  |4 ain  |9 206539 
245 1 0 |a Hlinka a Rázus sa stretnú v Nitre  |b rozhovor so sochárom Jánom Kulichom  |c [zhovárali sa] Teodor Križka a Július Binder 
300 |b Fotogr. 
600 1 7 |a Kulich, Ján,  |d 1930-2015  |2 snkbucl  |9 159689 
655 7 |a články z novín a časopisov  |2 snkbucl  |9 267496 
700 1 |a Binder, Július,  |d 1931-2021  |4 aut  |9 13656 
700 1 |a Kulich, Ján,  |d 1930-2015  |4 aut  |9 159689 
773 0 |t Kultúra  |g Roč. 3, č. 22 (2000), s. 8-9  |x 1335-3470 
850 |a Slovenská národná knižnica 
852 |a Slovenská národná knižnica 
954 |a odborná, vedecká literatúra pôvodná (slovenská)  |2 lita 
958 |a article13 
958 |a OND 
958 |a SK 
958 |a BX 
958 |a EUIPO 
992 |a RBX 
999 |c 2866751  |d 2868681